| 000 | 01662nam0a2200361 4500 | ||
|---|---|---|---|
| 001 | RU\NLR\BIBL_A\011590045 | ||
| 005 | 20241102232152.0 | ||
| 010 | _a9785936463105 | ||
| 021 |
_aRU _b2017-94849 _96807 |
||
| 035 | _a(RuMoRGB)009480090 | ||
| 035 | _a(NLR Aleph) 011590045 | ||
| 090 |
_a10833137 _c10833137 |
||
| 100 | _a20180111d2017 km y0rusy50 ca | ||
| 101 | 0 | _arus | |
| 102 | _aRU | ||
| 105 | _aa z 000zy | ||
| 200 | 1 |
_aКазачья война 1812 г. (октябрь, Тарутино) _eфотоальбом № 15 _fС. В. Корягин, С. Д. Логинов |
|
| 210 |
_aМосква _cРусаки _d2017 |
||
| 215 |
_a256 с. _cил. _d20 _e1 электрон. опт. диск (CD-ROM) |
||
| 225 | 1 |
_aГенеалогия и семейная история Донского казачества _vвып. 124 |
|
| 300 | _aНа обл. авт. не указаны | ||
| 327 | 1 | _aМатериалы, помещенные на с. 257-526 и Фотоальбом N° 15, размещены на CD | |
| 606 | 1 |
_aДонское казачество _xИстория _z19 в. _92317602 _3RU\NLR\AUTH\661386676 |
|
| 606 |
_aОтечественная война _xИстория _z1812 _91814942 _3RU\NLR\AUTH\66819174 |
||
| 686 | 1 | _aТ3(2)0-294 | |
| 686 | 1 | _aЦ35(2)471.6 | |
| 686 | 1 | _aТ3(2)471-686.1 | |
| 700 | 1 |
_7ca _8rus _aКорягин _bС. В. _cканд. техн. наук _cисторик казачества _gСергей Викторович _9154033 _3RU\NLR\AUTH\770154071 |
|
| 701 | 1 |
_aЛогинов _bС. Д. _gСергей Дмитриевич |
|
| 942 | _cBOOK | ||
| 980 | _aNBR | ||